000
00328nam a22001337a 4500
008
180302b xxu||||| |||| 00| 0 eng d
020
_a
9780130176776
041
_a
eng
080
_2
8th
_a
54
100
_a
12
101
_a
KIM
245
_a
General chemistry principles and modern applications
_c
Petrucci,R.H
942
_2
udc
_c
BK
999
_c
43934
_d
43934